00575nam a2200193Ia 450000500170000000800410001702000150005808200130007310000150008624500760010126000280017730000190020565000160022465000150024065000120025594200060026795200950027399900130036820240704020611.0240331s9999 xx 000 0 und d a0415074490 a155bBRE aBrennan, T 4aThe interpretation of the flesh :bfreud and femininitycTeresa Brennan aLondonbRoutledgec1992 axiii, 266 p ., a Femininity aPsychology aHistory cL 001040708LaWERCLbWERCLcSSCd2024-03-31l0o 155 BREp3616r2024-03-31w2024-03-31yL c730d730